Normal view
MARC view
- Adler, Nancy J.
Entry Personal Name
001 - CONTROL NUMBER
- control field: 2841
003 - CONTROL NUMBER IDENTIFIER
- control field: OSt
005 - DATE AND TIME OF LATEST TRANSACTION
- control field: 20170509151208.0
008 - FIXED-LENGTH DATA ELEMENTS
- fixed length control field: 170509|| aca||aabn | a|a d
040 ## - CATALOGING SOURCE
- Original cataloging agency: OSt
- Transcribing agency: OSt
100 ## - HEADING--PERSONAL NAME
- Personal name: Adler, Nancy J.
670 ## - SOURCE DATA FOUND
- Source citation: Work cat.: (OSt)0: Adler, Nancy J., Dimensi antarabangsa tabiat organisasi /, 1998

PORTAL AKMAL
E-MEL JKDM
AKMAL2U
G-BAM
u-PUSTAKA